02578agaaa2200349 45000010005000000030009000050050017000140070009000310080040000400400023000800410013001031000048001161300033001642400036001972450190002332460029004232500022004522600091004743000034005655080152005995110091007515200842008425380016016845460013017006500060017137000063017737000060018367000062018969420012019589990019019709520239019891621IT-RoPAU20220918181235.0d cvaizq50131s9999||||xx ||| | || ||und|| aIT-RoPAUcIT-RoPAU aITALIANO aVidor KinggCodice regista SPICS: 39942435 aUOMO SENZA PAURA (L')942436 aMAN WITHOUT A STAR (THE)gT1734 aUOMO SENZA PAURA (L')cProdotto da: Rosenberg Aaron -- Sceneggiatura: Chase Border Beauchamp D.D. -- Diretto da: Vidor KingpUOMO SENZA PAURA (L') (Rif. Codice opera principale : 21621) aMAN WITHOUT A STAR (THE) aEdizione Standard a(USA)bUNIVERSAL / Distribuzione: RAIg"1955 (1° ed.: 1983 ; Ed. Lingua Orig.: 1955)" aVHSbsonoro, col.c120 minuti a"Fotografia: Metty Russell; Montaggio: Vogel Virgil; Musica: Hughes Arnold; Sceneggiatura: Chase Border Beauchamp D.D.; Scenografia: Golitzen A.; " a"Douglas Kirk; Crain Jeanne; Trevor Claire; Campbell William; Boone Richard; Waller E" aDEMPSEY E JEFF VANNO A LAVORARE COME COW BOYS NELLA TENUTA DI UNA RICCA PROPRIETARIA DI BESTIAME LA BELLA REED QUESTA VUOLE OCCUPARE CON LE SUE IMMENSE MANDRIE TUTTI I PASCOLI DEL TERRITORIO NON LASCIANDO NULLA AI PICCOLI ALLEVATORI DELLA ZONA IL FATTORE DI REED DAVIS CHE NON E' D'ACCORDO CON LE IDEE DELLA PADRONA VIENE SOSTITUITO DA DEMPSEY I PICCOLI ALLEVATORI STENDONO DEI RETICOLATI INTORNO AI PASCOLI CHE VOGLIONO RISERVARE ALLE LORO MANDRIE E PRENDONO A FUCILATE GLI UOMINI DI REED CHE TENTANO DI ABBATTERE I RETICOLATI SDEGNATO PER LA PREPOTENZA DI REED DEMPSEY ABBANDONA LA TENUTA MENTRE IL SUO AMICO IL GIOVANE JEFF RESTA ACCANTO ALLA BELLA PADRONA S'ACCENDE LA LOTTA TRA GLI UOMINI DI STEVE IL NUOVO FATTORE DI REED E I PICCOLI ALLEVATORI CAPEGGIATI DA DEMPSEY ALLA FINE DEMPSEY E I SUOI HANNO LA MEGLIO FILM WESTERN A COLORI aPAL, STEREO aITALIANO aWESTERNeFILMS [VHS]xCodice MATERIA SPICS: 9960934088 aHughes Arnolde(musica)gCodice Musica SPICS: 29140942437 aVidor King e(regista)gCodice regista SPICS: 39942438 aVidor King e(soggetto)gCodice Soggetto SPICS: 39942439 cVH2ddc c105622d105622 001040621621_00000000000000071aSPICSbSPICSd2015-01-31l0o21621r2015-01-31 00:00:00w2015-01-31yVHzProgr. Ins.: 1417 / N.Vol.:1 / Copie: 1 / Pag.: / Copia rara: n.d. / date import: 1.2.2015 / By Epidotti, Trombetti, Vaglietti